Southville International School and Colleges
Your cart is empty.
  • Cart
  • Lists
    Public lists Eva Luna New books Lux_list list_1
    Your lists Log in to create your own lists
  • Log in to your account
  • Your cookies
  • Search history
Southville International School and Colleges
  • Advanced search
  • Recent comments
  • Most popular
  • Libraries

Log in to your account

Log in with GOOGLE


If you do not have an external account, but do have a local account, you can still log in:

  1. Home
  2. MARC view: Bad girl Rihanna :
Normal view MARC view ISBD view

Bad girl Rihanna : (Record no. 344901)

[ view plain ]
MARC details
000 -LEADER
fixed length control field 00777nam a2200301Ia 4500
008 - FIXED-LENGTH DATA ELEMENTS--GENERAL INFORMATION
fixed length control field 171025s9999 xx 000 0 und d
020 ## - INTERNATIONAL STANDARD BOOK NUMBER
International Standard Book Number 9780857752758
050 ## - LIBRARY OF CONGRESS CALL NUMBER
Classification number 782.42
050 ## - LIBRARY OF CONGRESS CALL NUMBER
Item number H441 2012
100 ## - MAIN ENTRY--PERSONAL NAME
Personal name Heatley, Michael
245 ## - TITLE STATEMENT
Title Bad girl Rihanna :
245 ## - TITLE STATEMENT
Remainder of title unofficial /
245 ## - TITLE STATEMENT
Statement of responsibility, etc by Michael Heatley and Graham Betts.
260 ## - PUBLICATION, DISTRIBUTION, ETC. (IMPRINT)
Place of publication, distribution, etc United Kingdom :
260 ## - PUBLICATION, DISTRIBUTION, ETC. (IMPRINT)
Name of publisher, distributor, etc Flame Tree Publishing,
260 ## - PUBLICATION, DISTRIBUTION, ETC. (IMPRINT)
Date of publication, distribution, etc 2012
300 ## - PHYSICAL DESCRIPTION
Extent 128 pages :
300 ## - PHYSICAL DESCRIPTION
Other physical details colored illustrations ;
300 ## - PHYSICAL DESCRIPTION
Dimensions 23cm.
650 ## - SUBJECT ADDED ENTRY--TOPICAL TERM
Topical term or geographic name as entry element Rihanna, -- 1988-
650 ## - SUBJECT ADDED ENTRY--TOPICAL TERM
Topical term or geographic name as entry element Singers -- Barbados --
650 ## - SUBJECT ADDED ENTRY--TOPICAL TERM
Topical term or geographic name as entry element Women singers --
650 ## - SUBJECT ADDED ENTRY--TOPICAL TERM
General subdivision Barbados -- Biography.
650 ## - SUBJECT ADDED ENTRY--TOPICAL TERM
General subdivision Biography.
700 ## - ADDED ENTRY--PERSONAL NAME
Personal name Betts, Graham.
700 ## - ADDED ENTRY--PERSONAL NAME
Personal name Saul, Mongo.
700 ## - ADDED ENTRY--PERSONAL NAME
Personal name Title.
Holdings
Withdrawn status Lost status Damaged status Home library Current library Date acquired Total Checkouts Full call number Barcode Date last seen Price effective from Koha item type
      Stonyhurst Southville International School (Malarayat) Stonyhurst Southville International School (Malarayat) 10/25/2017   NF 782.42 H441 2012 SSISM3954 10/25/2017 10/25/2017 Books

Bad girl Rihanna :

APA

Heatley M., Betts G., Saul M. & Title.Bad girl Rihanna. United Kingdom: .

Chicago

Heatley Michael, Betts Graham, Saul Mongo and Title.Bad girl Rihanna. United Kingdom: .

Harvard

Heatley M., Betts G., Saul M. and Title.Bad girl Rihanna. United Kingdom: .

MLA

Heatley Michael, Betts Graham, Saul Mongo and Title.United Kingdom: . .

  • Place hold
  • Print
  • Cite
  • Add to your cart (remove)
  • Save record
    BIBTEX Dublin Core MARCXML MARC (non-Unicode/MARC-8) MARC (Unicode/UTF-8) MARC (Unicode/UTF-8, Standard) MODS (XML) RIS
  • More searches
    Search for this title in:
    Other Libraries (WorldCat) Other Databases (Google Scholar) Online Stores (Bookfinder.com) Open Library (openlibrary.org)

Exporting to Dublin Core...

SOUTHVILLE LIBRARY

Southville International School and Colleges Library

1281 Tropical Ave. Cor. Luxembourg St., BF Homes International, Las Pinas City

Tel. No. 8256374 / 252358 Loc. 117/146

Powered by Koha